Riconosci lo Stato - Quiz n°106 - Statistics

Statistiche generali
  • Questo quiz è stato fatto 21 volte
  • Il punteggio medio è 11 su 13
Statistiche sulle risposte
Indizio Risposta % Corretto
Superficie 109.884 km²
94%
Indipendenza 10 ottobre 1868 (dichiarata)
10 dicembre 1898 indipendenza dalla Spagna
20 maggio 1902 indipendenza formale dagli Stati Uniti
94%
Valuta Peso
88%
Fuso Orario UTC-5
88%
Iniziale della Capitale L
82%
Presidente della Repubblica Miguel Díaz-Canel
82%
Tasso di crescita 0,1%
76%
ISU 0,764
76%
Popolazione 11.353.849 ab.
76%
PIL (nominale) 72 300 milioni di $
76%
Primo ministro Manuel Marrero Cruz
76%
Forma di Governo Repubblica socialista monopartitica
76%
Risposta Cuba
71%
Nessun quiz corrispondente trovato
Distribuzione punteggi
Percentuale di utenti per punteggio
Percentile per numero di risposta
I tuoi punteggi nel tempo
Non hai fatto questo quiz